Normal view
MARC view
Entry Personal Name
001 - CONTROL NUMBER
- control field: 76019
003 - CONTROL NUMBER IDENTIFIER
- control field: dpl
005 - DATE AND TIME OF LATEST TRANSACTION
- control field: 20250107150201.0
008 - FIXED-LENGTH DATA ELEMENTS
- fixed length control field: 250107|| aca||aabn | a|a d
040 ## - CATALOGING SOURCE
- Original cataloging agency: dpl
- Transcribing agency: dpl
100 ## - HEADING--PERSONAL NAME
- Personal name: शर्मा, अशोक कुमार
670 ## - SOURCE DATA FOUND
- Source citation: Work cat.: (dpl)208154: शर्मा, अशोक कुमार, भारत में मुग़ल साम्राज्य/, 2023
